|
|
|
|
| LEADER |
01115nam a2200265 a 4500 |
| 001 |
1542602 |
| 008 |
090706s1991 nyu 001 0 eng d |
| 010 |
|
|
|a 91020944
|
| 020 |
|
|
|a 0670835927 (hc)
|
| 020 |
|
|
|a 0140144358 (pbk)
|
| 040 |
|
|
|a DLC
|c DLC
|d DLC
|
| 082 |
0 |
0 |
|a 810.9
|2 20
|
| 100 |
1 |
|
|a Ruland, Richard,
|d 1932-
|
| 245 |
1 |
0 |
|a From Puritanism to postmodernism :
|b a history of American literature /
|c Richard Ruland and Malcolm Bradbury.
|
| 260 |
|
|
|a New York :
|b Penguin Books,
|c 1991.
|
| 300 |
|
|
|a xxi, 456 p. ;
|c 24 cm.
|
| 504 |
|
|
|a Includes index.
|
| 541 |
1 |
|
|e 00014384
|
| 650 |
|
0 |
|a American literature
|x History and criticism.
|
| 700 |
1 |
|
|a Bradbury, Malcolm,
|d 1932-
|
| 852 |
4 |
|
|a Ayesha Abed Library
|j General shelf
|
| 942 |
0 |
0 |
|0 1
|
| 999 |
|
|
|c 2047
|d 2047
|
| 952 |
|
|
|0 0
|1 0
|2 ddc
|4 0
|6 810_900000000000000_RUL_1991
|7 0
|9 1882
|a BRACUL
|b BRACUL
|c GEN
|d 2009-07-06
|g 994.00
|l 5
|m 20
|o 810.9 RUL
|p 3010014384
|r 2025-05-04
|s 2025-04-27
|t 1
|w 2009-07-06
|y BK
|
| 952 |
|
|
|0 0
|1 0
|2 ddc
|4 0
|6 810_900000000000000_RUL_1991
|7 0
|9 9619
|a BRACUL
|b BRACUL
|c GEN
|d 2010-05-02
|l 6
|m 38
|o 810.9 RUL
|p 3010015079
|r 2018-12-04
|s 2018-09-20
|t 2
|w 2010-05-02
|y BK
|